| 000 | 01726naa a22004577a 4500 | ||
|---|---|---|---|
| 001 | BR7806486 | ||
| 003 | BR-BrBNA | ||
| 005 | 20250714162949.0 | ||
| 007 | ta | ||
| 008 | 250630b bl.|||m| |||| 00| 0 por d | ||
| 040 |
_aBR-BrBNA _bpor _cBiblioteca Nacional de Agricultura |
||
| 041 | _a(Pt) | ||
| 072 |
_aF26; E10; E50 _b/G514 |
||
| 090 | _aF26 BR7806486 | ||
| 100 | 1 | _aCharchar, M.C. de F. | |
| 100 | 1 | _aPereira, R.F. | |
| 100 | 1 | _aMagalhaes, T.A. de C. e A. | |
| 100 | 1 | _aPereira, L.C. | |
| 100 | 1 | _aAraujo, C.N.F. de | |
| 100 | 1 | _aPitaluga, E.N. | |
| 100 | 1 | _aRoessing, H.M. | |
| 100 | 1 | _aGralato, I.R. | |
| 100 | 1 | _aVieira, L.S. | |
| 245 | 1 | _aFolha SB. 20 Purus, 5. Uso potencial da terra: Capacidade natural media do uso da terra; Diagnostico socio-economico; Subsidios ao planejamento regional [Regiao Norte, Brasil] | |
| 500 | _aFolha SB. 20 Purus; geologia, geomorfologia, pedologia, vegetacao e uso potencial da terra Rio de Janeiro, RJ (Brasil): 1978. p. 493-561 [14 illus.; 37 ref.; Summaries (En, Pt)] (BR7806486-AMS) | ||
| 773 | 0 |
_tFolha SB. 20 Purus; geologia, geomorfologia, pedologia, vegetacao e uso potencial da terra _wF26 BR7806486 _gRio de Janeiro, RJ (Brasil), 1978. p. 493-561 |
|
| 650 | _aUSO DA TERRA | ||
| 650 | _aEXPLORACAO AGRICOLA | ||
| 650 | _aMADEIRA | ||
| 650 | _aRECURSO DA TERRA | ||
| 650 | _aRECURSO NATURAL | ||
| 650 | _aCONSERVACAO | ||
| 650 | _aCOMUNIDADE RURAL | ||
| 650 | _aCOLONIZACAO | ||
| 650 | _aPLANEJAMENTO ECONOMICO | ||
| 650 | _aDESENVOLVIMENTO SOCIAL | ||
| 650 | _aREGIAO NORTE | ||
| 490 |
_aLevantamento de Recursos Naturais - Projeto RADAMBRASIL (Brazil) _vv. 17 |
||
| 942 |
_cAMS _2AGRIS |
||
| 909 |
_a202506 _bLúcia _c55 _dLúcia Elande |
||
| 999 |
_c333156 _d333156 |
||